Statistiken für Europäische Städte nach Bild #1

Klicken Sie hier um das Quiz zu spielen!

Allgemein

  • Dieses Quiz wurde 159 mal gespielt
  • Das Durchschnittsergebnis liegt bei 9 aus 15

Antwortstatistiken

Antwort% Korrekt
Rom
99%
Berlin
98%
Paris
96%
München
71%
Budapest
68%
Kopenhagen
62%
Barcelona
59%
Mailand
58%
Prag
56%
Pamplona
48%
Genf
44%
Sankt Petersburg
40%
Dublin
26%
Turin
26%
Birmingham
5%

Verteilung der Resultate

Perzentil nach korrekt beantworteten Fragen

Anzahl Personen mit jedem Resultat

Ihre Resultats-Entwicklung

Sie haben dieses Quiz noch nicht gespielt